Statistics for Countries by car production

Click here to take the quiz!

General Stats

  • This quiz has been taken 890 times
  • The average score is 14 of 17

Answer Stats

Hint Answer % Correct
approx. 19 millionChina
99%
approx. 10 millionUnited States
99%
approx. 6 millionGermany
98%
approx. 10 millionJapan
97%
approx. 2 millionFrance
97%
approx. 2 millionUnited Kingdom
94%
approx. 2 millionRussia
92%
approx. 2 millionSpain
91%
approx. 4 millionIndia
91%
approx. 3 millionMexico
90%
approx. 5 millionSouth Korea
90%
approx. 3 millionBrazil
89%
approx. 2 millionCanada
86%
approx. 1 millionIndonesia
70%
approx. 1 millionTurkey
64%
approx 2 millionThailand
55%
approx. 1 millionCzech Republic
46%

Score Distribution

Percentile by Number Answered

Percent of People with Each Score

Your Score History

You have not taken this quiz